| 000 | 00897nam a22002057a 4500 | ||
|---|---|---|---|
| 003 | 0 | ||
| 005 | 20250214105430.0 | ||
| 008 | 250213b xxu||||| |||| 00| 0 eng d | ||
| 050 |
_aBF 575.L7 _b.D38 2024 |
||
| 100 | _aDavid, Emmanuel Getulio T. | ||
| 245 |
_aLoneliness & parenting: _bthe influence of helicopter parenting on the levels of loneliness of perfectionistic college students. _cEmmanuel T. Getulio |
||
| 260 |
_aLas Pinas City _bSouthville International School and Colleges _c2024 |
||
| 300 |
_ax, 231 pages; _c28cm. |
||
| 500 | _aBachelor of Science in Psychology. | ||
| 504 | _aIncludes bibliographical references and appendices. | ||
| 650 | _aHelicopter parenting—Psychological effects --College students. | ||
| 650 | _aPerfectionism—Mental health and social well-being. | ||
| 650 | _aLoneliness—Overprotective parenting on young adults, Impact of | ||
| 942 |
_2lcc _cTH |
||
| 999 |
_c367214 _d367214 |
||